000 00977 a2200217 4500
003 NUST
005 20230118131034.0
010 _a 85004262
020 _a 8131711269 pbk
020 _a8131711269 pbk
040 _cNust
082 0 0 _a410,COU
100 1 _aCoulthard, Malcolm.
_91447
245 1 3 _aAn introduction to discourse analysis /
_cMalcolm Coulthard.
260 _aBurnt Mill, Harlow, Essex, England :
_bLongman,
_c1985 printing, c1977.
300 _axv, 195 p. :
_bill. ;
_c22 cm.
440 0 _aApplied linguistics and language study
_91448
505 _aIntroduction (Page-1), Speech Acts and Conversational Maxims (Page-13), The Ethnography of Speaking (Page-33), Conversational Analysis (Page-59), Intonation (Page-96), A Linguistic Approach (Page-120), Discourse Analysis and Language Teaching (Page-146), The Acquisition of Discourse (Page-160), The Analysis of Literary Discourse (Page-179).
650 0 _aDiscourse analysis.
942 _2ddc
_cBK
_k410,COU
999 _c177005
_d177005